| Tag |
First Indicator |
Second Indicator |
Subfields |
| LEADER |
00000cam a2200000 4500 |
| 001 |
in00000068082 |
| 005 |
20151008051334.0 |
| 008 |
720602s1947 nyu b 00000 eng u |
| 010 |
|
|
|a 47012021
|
| 035 |
|
|
|a (OCoLC)00323109
|
| 035 |
|
|
|9 AAG7278AM
|
| 040 |
|
|
|c KSU
|d TXA
|d UtOrBLW
|
| 049 |
|
|
|a TXAM
|c [220871]
|
| 090 |
|
|
|a HJ8085
|b .H3 1947
|
| 092 |
|
|
|a 336.343
|b H431w
|
| 100 |
1 |
|
|a Hazlitt, Henry,
|d 1894-1993.
|
| 245 |
1 |
0 |
|a Will dollars save the world?
|
| 264 |
|
1 |
|a New York :
|b D. Appleton-Century Co.,
|c [1947]
|
| 300 |
|
|
|a 95 pages ;
|c 24 cm.
|
| 336 |
|
|
|a text
|b txt
|2 rdacontent
|
| 337 |
|
|
|a unmediated
|b n
|2 rdamedia
|
| 338 |
|
|
|a volume
|b nc
|2 rdacarrier
|
| 500 |
|
|
|a An analysis of the Marshall plan.
|
| 504 |
|
|
|a Bibliography: page 95.
|
| 650 |
|
0 |
|a Economic assistance, American.
|
| 650 |
|
0 |
|a Reconstruction (1939-1951)
|
| 651 |
|
0 |
|a United States
|x Commercial policy.
|
| 999 |
|
|
|a MARS
|
| 999 |
f |
f |
|s 845d2349-17a0-3c69-9858-83c002ff5bb2
|i 9319e2bc-0115-3e0d-8722-bce0d71d4b9c
|t 0
|
| 952 |
f |
f |
|p ric
|a Texas A&M University
|b Rellis Campus
|c Joint Library Facility
|d Remote Storage
|t 0
|e HJ8085 .H3 1947
|h Library of Congress classification
|i unmediated -- volume
|m A14800750979
|
| 998 |
f |
f |
|a HJ8085 .H3 1947
|t 0
|l Remote Storage
|